World Cup True/False - Statistics

General Stats
  • This quiz has been taken 1,678 times
  • The average score is 10 of 15
Answer Stats
Question Answer % Correct
Sweden has won a World Cup. False
94%
Bulgaria has reached the semifinals in a World Cup. True
76%
A Caribbean island nation has qualified for the World Cup. True
76%
Brazil have appeared in every World Cup. True
76%
Argentina has won more games than France in the World Cup. True
72%
Every CONMEBOL member has qualified for the World Cup. False
70%
Switzerland has played more games at the World Cup than the United States. True
69%
No colonies have ever qualified for the World Cup. False
67%
All the sovereign nations of the UK have qualified for the World Cup. True
59%
France missed qualifying for 4 World Cups since 1970. (including 1970) True
55%
There has never been a scoreless draw in the final of the World Cup. (game would be decided on penalties) False
54%
The World Cup has been hosted in every continent except Antarctica. False
52%
Hungary has scored at least 60 goals in the World Cup. True
52%
Brazil has lost to England at the World Cup. False
51%
Every country that borders Romania has qualified for the World Cup. False
50%
No matching quizzes found
Score Distribution
Percent of People with Each Score
Percentile by Number Answered
Your Score History
You have not taken this quiz